| 000 | 00726nam a2200241 i 4500 | ||
|---|---|---|---|
| 001 | 55373 | ||
| 003 | ES-MaACL | ||
| 005 | 20250812221418.0 | ||
| 007 | t| | ||
| 008 | 030918s1984 sp af |||| | spa d | ||
| 100 | 1 |
_aDenvir, Bernard. _943739 |
|
| 245 | 1 | 3 |
_aEl fauvismo y el expresionismo / _cBernard Denvir ; [traducción de Marcelo Covián]. |
| 250 | _a2ª ed. | ||
| 260 |
_aBarcelona : _bLabor, _c1984. |
||
| 300 |
_a63 p., 62 lám. : _bil. ; _c18 cm. |
||
| 490 | 1 | _aBolsillo de Arte Labor | |
| 650 | 4 |
_aFauvismo. _9166760 |
|
| 650 | 4 |
_aExpresionismo (Arte) _9145189 |
|
| 700 | 1 |
_aCovian, Marcelo. _9180854 |
|
| 830 | 0 | 0 |
_aBolsillo de arte Labor _9182798 |
| 852 |
_aES-MaACL _jL-7360 |
||
| 999 |
_c55373 _d55373 |
||